Capítulo 6 : Primeros auxilios en espacios verdes /
Los espacios verdes presentan algunos riesgos diferentes de los del ámbito urbano. Por ejemplo, estamos expuestos a picaduras o mordeduras de bichos y mosquitos. Este capítulo informa qué medidas tomar para prevenirlas y cuáles son los errores más comunes cuando se intenta tratarlas.
Guardado en:
| Autor Principal: | |
|---|---|
| Autor Corporativo: | |
| Otros Autores: | |
| Formato: | |
| Publicado: |
Argentina,
2009
|
| Series: | Primeros Auxilios
|
| Materias: | |
| Etiquetas: |
Agregar Etiqueta
Sin Etiquetas, Sea el primero en etiquetar este registro!
|
| LEADER | 01363ngm a22003615g 4500 | ||
|---|---|---|---|
| 001 | CEM.cems023445 | ||
| 008 | 130507s2009##################0###0#####d | ||
| 005 | 20250404162545.0 | ||
| 245 | 1 | 0 | |a Capítulo 6 : |b Primeros auxilios en espacios verdes / |c Sebastián Mignona. |
| 260 | |a Argentina, |c 2009 | ||
| 300 | |a 26'. | ||
| 490 | 0 | |a Primeros Auxilios | |
| 538 | |a Soporte: DVD - Color: Si - Grabación DRD. | ||
| 520 | |a Los espacios verdes presentan algunos riesgos diferentes de los del ámbito urbano. Por ejemplo, estamos expuestos a picaduras o mordeduras de bichos y mosquitos. Este capítulo informa qué medidas tomar para prevenirlas y cuáles son los errores más comunes cuando se intenta tratarlas. | ||
| 590 | |a Identificación anterior registrada en SIABUC: D69. | ||
| 500 | |a Consultar en ventanilla. | ||
| 100 | 1 | |a Mignona, Sebastián | |
| 700 | 1 | |a Monetti, Claudio; Conducción. | |
| 710 | 2 | |a Canal Encuentro. | |
| 082 | 6 | 1 | |/ MIG |
| 653 | |a BIOLOGIA | ||
| 653 | |a MEDICINA | ||
| 653 | |a EDUCACION PARA LA SALUD | ||
| 653 | |a MEDICINA | ||
| 653 | |a ACCIDENTES | ||
| 653 | |a ENFERMEDADES | ||
| 653 | |a EMERGENCIAS | ||
| 653 | |a PRIMEROS AUXILIOS | ||
| 653 | |a PICADORAS | ||
| 653 | |a MOSQUITOS | ||
| 653 | |a ALIMAÑAS | ||
| 653 | |a SERIE DE TELEVISIÓN | ||
| 859 | |a CEMS |b BIB. CEMS - Depto. Recursos Didacticos |h 614 |i MIG |k DRD |p 2088.15 |t Ej.1 | ||
